00317nam a2200121Ia 450000500170000000800410001708200130005810000220007124500220009326000370011530000120015250000310016420250616005044.0240331s9999 xx 000 0 und d bWEEa322 aWeerasinghe,G.D.C 0aGatumaka sulamula aMaharagamabRuwan Pakaruwac2007 a65 p ., aA book on root of conflict